Režimy menovej politiky

Klasifikácia režimov menovej politiky. Rozbor jednotlivých režimov menovej politiky a charakteristické znaky každého z režimov. Ich výhody a problematické stránky v kontexte historického vývoja.

Saved in:
Bibliographic Details
Main Author: Nemec, Marián
Format: Book Chapter
Language:Slovak
Subjects:
Tags: Add Tag
No Tags, Be the first to tag this record!

MARC

LEADER 00000naa$a2200000$$$4500
001 0090316
005 20240502072016.9
041 0 |a slo 
044 |a SK 
245 1 0 |a Režimy menovej politiky  |c Marián Nemec 
520 |a Klasifikácia režimov menovej politiky. Rozbor jednotlivých režimov menovej politiky a charakteristické znaky každého z režimov. Ich výhody a problematické stránky v kontexte historického vývoja. 
610 2 0 |a politika menová 
610 2 0 |a vývoj menový 
610 2 0 |a história 
610 2 0 |a zoskupenia integračné medzinárodné 
610 2 0 |a kurz menový 
610 2 0 |a kurz výmenný 
610 2 0 |a cielenie inflácie 
610 2 0 |a banky 
100 1 |a Nemec, Marián